[Event "Hamburg ch"]
[Site "?"]
[Date "1997.??.??"]
[Round "1"]
[White "Meyer, F."]
[Black "Rogozenko, D."]
[Result "1/2-1/2"]
[WhiteElo "2290"]
[BlackElo "2530"]
[PlyCount "131"]
[EventDate "1997.??.??"]

1. e4 c5 2. Nf3 d6 3. d4 cxd4 4. Nxd4 Nf6 5. Nc3 g6 6. Be3 Bg7 7. f3 Nc6 8. Qd2
O-O 9. O-O-O d5 10. Qe1 e5 11. Nxc6 bxc6 12. Bc5 Be6 13. Na4 Re8 14. Kb1 Qc7
15. h4 Red8 16. Bd3 h5 17. Qc3 Nd7 18. g4 Nf6 19. g5 Nd7 20. Qa3 Nxc5 21. Nxc5
Bc8 22. Ba6 Bf8 23. Bxc8 Qb6 24. Nd7 Rxd7 25. Qa6 Rc7 26. Qxb6 axb6 27. Bh3
Rca7 28. a3 d4 29. Kc1 b5 30. Kd2 c5 31. Rhf1 c4 32. f4 c3+ 33. bxc3 Rxa3 34.
Bd7 Rxc3 35. Bxb5 Re3 36. Rb1 exf4 37. Rxf4 Bd6 38. Rff1 Rb8 39. Bc6 Rxb1 40.
Rxb1 Bf4 41. Kd1 Bg3 42. Rb4 Be1 43. c3 Bxc3 44. Rc4 Rd3+ 45. Kc2 Rd2+ 46. Kc1
Rh2 47. Bd5 Bd2+ 48. Kb1 Be3 49. Rc6 d3 50. Rxg6+ Kf8 51. Rd6 Bd4 52. Bxf7 Rb2+
53. Kc1 d2+ 54. Kd1 54... Be3 {(=)} 55. Bxh5 Rb1+ 56. Ke2 Re1+ 57. Kf3 Ke7 58.
Rd5 Bxg5 59. hxg5 d1=Q+ 60. Rxd1 Rxd1 61. Kf4 Rf1+ 62. Ke5 Ra1 63. Be2 Ra2 64.
Bc4 Rf2 65. Bd5 Rf1 66. Bc4 1/2-1/2

[Event "Hamburg ch"]
[Site "?"]
[Date "1997.??.??"]
[Round "1"]
[White "Movsziszian, K."]
[Black "Gara, A."]
[Result "1-0"]
[WhiteElo "2490"]
[BlackElo "2285"]
[PlyCount "85"]
[EventDate "1997.??.??"]

1. Nf3 Nf6 2. g3 g6 3. Bg2 Bg7 4. O-O O-O 5. d3 d6 6. e4 c5 7. Nc3 Nc6 8. h3 e5
9. Be3 Nd4 10. Ne1 Ne8 11. Nd5 f5 12. c3 Nc6 13. f4 Nf6 14. exf5 gxf5 15. fxe5
Nxe5 16. Bg5 Be6 17. Nc2 Qd7 18. Bxf6 Bxf6 19. d4 Ng6 20. Nxf6+ Rxf6 21. dxc5
dxc5 22. Qxd7 Bxd7 23. Bxb7 Rb8 24. Bd5+ Be6 25. Rxf5 Bxd5 26. Rxf6 Rxb2 27.
Ne3 Bxa2 28. Rf2 Rb1+ 29. Rxb1 Bxb1 30. Rb2 Bd3 31. Rb8+ Kg7 32. Rb7+ Kf6 33.
Ng4+ Ke6 34. Rxh7 a6 35. h4 Kf5 36. Ne3+ Kf6 37. Rc7 Ne5 38. Rxc5 Be4 39. Ra5
Bd3 40. Nd5+ Kf5 41. Nb4 Bb5 42. Nxa6 Bd3 43. Nc5 1-0

[Event "Hamburg ch"]
[Site "?"]
[Date "1997.??.??"]
[Round "1"]
[White "Wendt, JD."]
[Black "Murdia, P."]
[Result "1-0"]
[WhiteElo "2425"]
[BlackElo "2285"]
[PlyCount "89"]
[EventDate "1997.??.??"]

1. Nf3 Nf6 2. c4 e6 3. g3 d5 4. d4 Nbd7 5. Bg2 c6 6. O-O Bd6 7. Qc2 O-O 8. Bf4
Bxf4 9. gxf4 Ne4 10. Nbd2 Nxd2 11. Nxd2 b6 12. e3 Bb7 13. Rac1 Rc8 14. cxd5
exd5 15. Qf5 Nf6 16. b4 Re8 17. Rc3 Qd6 18. Rb1 Rc7 19. Qc2 h6 20. a3 g5 21.
fxg5 hxg5 22. Rc1 Rce7 23. Qf5 Nh7 24. Nf1 Re6 25. Ng3 Rh6 26. b5 Rf6 27. Qd3
cxb5 28. Qxb5 Re7 29. Bh3 g4 30. Bxg4 Rg6 31. Qe2 Qf6 32. Rc7 Ng5 33. Rxe7 Qxe7
34. Bf5 Rh6 35. Kg2 Bc6 36. Qg4 Kh8 37. Qf4 Kg7 38. h4 Ne4 39. Nxe4 dxe4 40.
Qg5+ Qxg5+ 41. hxg5 Rd6 42. Kg3 f6 43. g6 Rd5 44. Kf4 Bd7 45. Bxe4 1-0

[Event "Hamburg ch"]
[Site "?"]
[Date "1997.??.??"]
[Round "1"]
[White "Heinemann, T."]
[Black "Pajeken, W."]
[Result "1/2-1/2"]
[WhiteElo "2425"]
[BlackElo "2260"]
[PlyCount "53"]
[EventDate "1997.??.??"]

1. e4 Nf6 2. e5 Nd5 3. d4 d6 4. Nf3 dxe5 5. Nxe5 Nd7 6. Bc4 Nxe5 7. dxe5 Be6 8.
Qe2 c6 9. O-O g6 10. a3 Bg7 11. f4 O-O 12. Bd3 Qc7 13. Nd2 Rad8 14. Nf3 c5 15.
c4 Nb6 16. Ng5 Bc8 17. Be3 f6 18. exf6 exf6 19. Nf3 f5 20. Rad1 Rfe8 21. Qf2
Be6 22. b3 Nd7 23. Rfe1 b6 24. Bc1 Bf7 25. Rxe8+ Rxe8 26. Qc2 Nb8 27. Bf1
1/2-1/2

[Event "Hamburg ch"]
[Site "?"]
[Date "1997.??.??"]
[Round "1"]
[White "Putzbach, G."]
[Black "Fries_Nielsen, J."]
[Result "0-1"]
[WhiteElo "2255"]
[BlackElo "2415"]
[PlyCount "68"]
[EventDate "1997.??.??"]

1. e4 c5 2. Nf3 Nc6 3. d4 cxd4 4. Nxd4 e5 5. Nb5 d6 6. a4 Be7 7. N1c3 a6 8. Na3
Nf6 9. Bc4 O-O 10. O-O Be6 11. Bd2 Rc8 12. Bd5 Bxd5 13. exd5 Nd4 14. b3 Nd7 15.
Ne2 Nxe2+ 16. Qxe2 f5 17. a5 Qe8 18. Bb4 g5 19. f3 Qg6 20. Nc4 Rcd8 21. Rad1
Rf7 22. Ne3 h5 23. c4 g4 24. fxg4 hxg4 25. Qc2 e4 26. Qe2 Ne5 27. Bc3 Nf3+ 28.
Kh1 Nxh2 29. Rxf5 Rh7 30. Kg1 Nf3+ 31. Rxf3 gxf3 32. Qe1 Rf8 33. Qf2 Bh4 34.
Qd2 Qg3 0-1

[Event "Hamburg ch"]
[Site "?"]
[Date "1997.??.??"]
[Round "1"]
[White "Breyther, R."]
[Black "Engelbert, C."]
[Result "0-1"]
[WhiteElo "2415"]
[BlackElo "2255"]
[PlyCount "60"]
[EventDate "1997.??.??"]

1. e4 g6 2. d4 Bg7 3. Nc3 d6 4. Nf3 Nf6 5. Be2 O-O 6. O-O Bg4 7. h3 Bxf3 8.
Bxf3 Nc6 9. Ne2 e5 10. c3 Re8 11. d5 Ne7 12. g4 Nd7 13. Ng3 Rf8 14. Kh2 Kh8 15.
Be3 Ng8 16. h4 f5 17. gxf5 Bh6 18. Kg2 Bxe3 19. fxe3 Qxh4 20. fxg6 Qg5 21. gxh7
Ngf6 22. b4 Rf7 23. Rh1 Raf8 24. Qe2 Nxd5 25. exd5 Rxf3 26. Qxf3 Rxf3 27. Kxf3
Nf6 28. Raf1 Nxd5 29. Rh5 e4+ 30. Kxe4 Nf6+ 0-1

[Event "Hamburg ch"]
[Site "?"]
[Date "1997.??.??"]
[Round "1"]
[White "Trisic, A."]
[Black "Berg, K."]
[Result "1/2-1/2"]
[WhiteElo "2245"]
[BlackElo "2410"]
[PlyCount "65"]
[EventDate "1997.??.??"]

1. e4 c6 2. Nc3 d5 3. Nf3 Nf6 4. e5 Ng8 5. d4 Bg4 6. h3 Bxf3 7. Qxf3 e6 8. Be3
Nd7 9. O-O-O Ne7 10. g4 Qa5 11. Kb1 c5 12. dxc5 Nc6 13. Nb5 Ncxe5 14. Qg3 a6
15. Nd4 Rc8 16. f4 Nc6 17. f5 Nxc5 18. fxe6 fxe6 19. Bg2 Be7 20. Rhf1 Rf8 21.
g5 Rxf1 22. Rxf1 Nxd4 23. Bxd4 Qd2 24. Bc3 Qxg5 25. Qxg5 Bxg5 26. Bxg7 Nd7 27.
b3 Ke7 28. Bb2 Bf6 29. Ba3+ Kf7 30. c4 Rg8 31. Bf3 Rg5 32. cxd5 exd5 33. Rd1
1/2-1/2

[Event "Hamburg ch"]
[Site "?"]
[Date "1997.??.??"]
[Round "1"]
[White "Lamprecht, F."]
[Black "Voigt, M."]
[Result "1-0"]
[WhiteElo "2400"]
[BlackElo "2235"]
[PlyCount "141"]
[EventDate "1997.??.??"]

1. d4 Nf6 2. Nf3 c5 3. c3 cxd4 4. cxd4 d5 5. Nc3 Nc6 6. Bf4 Ne4 7. e3 Nxc3 8.
bxc3 e6 9. Bd3 Bd6 10. Bxd6 Qxd6 11. O-O O-O 12. Bc2 b6 13. Qd3 f5 14. Ba4 Na5
15. Ne5 Bb7 16. Rfc1 Rac8 17. Qb5 Nc6 18. Nf3 Qa3 19. Qb3 Qxb3 20. axb3 Rc7 21.
Bxc6 Bxc6 22. Kf1 f4 23. Ke2 Bb5+ 24. Kd2 fxe3+ 25. Kxe3 Rfc8 26. Kd2 Rf8 27.
Ke3 Rfc8 28. Kd2 Rf8 29. Rc2 a5 30. Re1 Rc6 31. Rcc1 g5 32. h3 h6 33. Ne5 Rc7
34. f3 Kg7 35. h4 gxh4 36. Rh1 Ra8 37. Rxh4 Be8 38. g4 a4 39. Ra1 Rac8 40. bxa4
Rxc3 41. Rb1 Ra3 42. Rxb6 Bxa4 43. Rb7+ Kg8 44. Rb2 Kg7 45. Rh1 Bb3 46. Rhb1
Ra2 47. Rxa2 Bxa2 48. Rb7+ Kg8 49. Re7 Bb1 50. Rxe6 Kg7 51. Rd6 Ba2 52. Ke3 Rb8
53. Rg6+ Kh7 54. Ra6 Bc4 55. Ra7+ Kg8 56. Nxc4 Rb3+ 57. Kf4 dxc4 58. Rc7 c3 59.
Ke4 Kf8 60. f4 Ra3 61. Ke5 Rb3 62. d5 Ke8 63. Rc6 Kd7 64. Rc4 Rb8 65. Rxc3 Re8+
66. Kf5 Rf8+ 67. Ke4 Rg8 68. Kf3 Rh8 69. Rc6 h5 70. g5 h4 71. Rh6 1-0

[Event "Hamburg ch"]
[Site "?"]
[Date "1997.??.??"]
[Round "1"]
[White "Bathke, J."]
[Black "Gustafsson, J."]
[Result "1/2-1/2"]
[WhiteElo "2235"]
[BlackElo "2355"]
[PlyCount "74"]
[EventDate "1997.??.??"]

1. e4 c5 2. f4 d5 3. exd5 Nf6 4. Nc3 Nxd5 5. Nxd5 Qxd5 6. Qf3 Be6 7. b3 Nc6 8.
Bb5 Rc8 9. Bb2 a6 10. Bc4 Qxf3 11. Nxf3 Bf5 12. O-O Nb4 13. Ne5 e6 14. g4 Bxc2
15. f5 b5 16. Nxf7 bxc4 17. Nxh8 Nd3 18. Bc3 e5 19. g5 cxb3 20. axb3 c4 21.
bxc4 Bc5+ 22. Kg2 Ke7 23. f6+ gxf6 24. gxf6+ Kd7 25. Nf7 Rg8+ 26. Kh3 Nf4+ 27.
Rxf4 exf4 28. Ne5+ Ke6 29. d3 f3 30. Rxa6+ Kf5 31. Nxf3 Bxd3 32. Ra5 Kf4 33.
Rxc5 Kxf3 34. f7 Rf8 35. Rc7 Bg6 36. Bb4 Rxf7 37. Rxf7+ Bxf7 1/2-1/2

[Event "Hamburg ch"]
[Site "?"]
[Date "1997.??.??"]
[Round "1"]
[White "Ritscher, JP."]
[Black "Maahs, E."]
[Result "1-0"]
[WhiteElo "2320"]
[BlackElo "2235"]
[PlyCount "77"]
[EventDate "1997.??.??"]

1. e4 d5 2. Nc3 dxe4 3. Nxe4 e5 4. Bc4 Be7 5. Qh5 g6 6. Qxe5 f6 7. Qc3 Nc6 8.
Ne2 Nh6 9. O-O Nf7 10. d4 Kf8 11. Be3 Kg7 12. Bb5 Qd5 13. Bxc6 bxc6 14. Qd3 Bf5
15. f3 Rhd8 16. g4 Bc8 17. Nf4 Qa5 18. c4 f5 19. Nf2 Bf6 20. Rfd1 Qb4 21. Rac1
Qd6 22. Rc2 Re8 23. Ng2 fxg4 24. fxg4 h5 25. Ne4 Qe7 26. Nxf6 Qxf6 27. Rf2 Qe7
28. Rdf1 Nd6 29. gxh5 Bf5 30. Qe2 Qe6 31. hxg6 Bxg6 32. Re1 Qxc4 33. Qg4 Qd3
34. Qd7+ Kh8 35. Bg5 Rxe1+ 36. Nxe1 Qxd4 37. Bf6+ Qxf6 38. Rxf6 Rg8 39. Kf1 1-0

[Event "Hamburg ch"]
[Site "?"]
[Date "1997.??.??"]
[Round "1"]
[White "Neffe, A."]
[Black "Hegeler, F."]
[Result "1/2-1/2"]
[WhiteElo "2230"]
[BlackElo "2310"]
[PlyCount "58"]
[EventDate "1997.??.??"]

1. e4 c5 2. Nf3 Nc6 3. d4 cxd4 4. Nxd4 g6 5. Nc3 Bg7 6. Be3 Nf6 7. Be2 O-O 8.
Nb3 b6 9. h4 Bb7 10. Qd2 d5 11. exd5 Nb4 12. O-O-O Nbxd5 13. Bf3 e6 14. Nxd5
Bxd5 15. Bxd5 Qxd5 16. Qxd5 Nxd5 17. Bd4 Rac8 18. c3 Rfd8 19. Rhe1 Nf4 20. g3
e5 21. Bxb6 Nd3+ 22. Rxd3 Rxd3 23. Bxa7 Ra8 24. Bc5 Rxa2 25. Kc2 e4 26. Rxe4
Rxc3+ 27. Kb1 Rxb2+ 28. Kxb2 Rxc5+ 29. Kb1 Rc8 1/2-1/2

[Event "Hamburg ch"]
[Site "?"]
[Date "1997.??.??"]
[Round "1"]
[White "Bach, M."]
[Black "Kues, H."]
[Result "1-0"]
[WhiteElo "2305"]
[BlackElo "2205"]
[PlyCount "53"]
[EventDate "1997.??.??"]

1. d4 d5 2. c4 c6 3. Nc3 e5 4. Nf3 e4 5. Nd2 Nf6 6. e3 Be7 7. Be2 O-O 8. Qb3 a6
9. a4 b6 10. f3 exf3 11. Nxf3 Be6 12. Ng5 c5 13. Nxe6 fxe6 14. cxd5 cxd4 15.
exd4 Nxd5 16. Nxd5 Qxd5 17. Qxd5 exd5 18. Bf3 Rd8 19. O-O Nc6 20. Be3 Na5 21.
Rac1 Ra7 22. Rc3 b5 23. Bf4 b4 24. Rc7 Rb7 25. Re1 Bf6 26. Bxd5+ Kh8 27. Bxb7
1-0

[Event "Hamburg ch"]
[Site "?"]
[Date "1997.??.??"]
[Round "1"]
[White "Schueler, W."]
[Black "Dankert, P."]
[Result "0-1"]
[WhiteElo "2190"]
[BlackElo "2305"]
[PlyCount "70"]
[EventDate "1997.??.??"]

1. c4 Nf6 2. Nf3 e6 3. d4 Bb4+ 4. Bd2 Qe7 5. Nc3 O-O 6. e3 b6 7. Be2 Bb7 8. O-O
Bxc3 9. Bxc3 Ne4 10. Be1 d6 11. Nd2 f5 12. f3 Nxd2 13. Qxd2 Nd7 14. Bg3 Rae8
15. Rae1 e5 16. Bd1 e4 17. f4 Rc8 18. b4 c5 19. Ba4 Rfd8 20. Bxd7 Rxd7 21. Rc1
d5 22. bxc5 bxc5 23. dxc5 dxc4 24. Bh4 Rxd2 25. Bxe7 Bd5 26. Rfd1 Rd3 27. Bd6
Kf7 28. Kf2 Rc6 29. Ke2 Ra6 30. Rc2 Ke6 31. Be5 Raa3 32. Bd4 Bc6 33. Rdd2 Bb5
34. Ke1 g6 35. h3 c3 0-1

[Event "Hamburg ch"]
[Site "?"]
[Date "1997.??.??"]
[Round "1"]
[White "Reddmann, H."]
[Black "Kroencke, M."]
[Result "1/2-1/2"]
[WhiteElo "2305"]
[BlackElo "2185"]
[PlyCount "108"]
[EventDate "1997.??.??"]

1. d4 d5 2. Bf4 Nf6 3. e3 e6 4. c4 Be7 5. Nc3 O-O 6. Nf3 c5 7. dxc5 Bxc5 8. a3
a6 9. cxd5 Nxd5 10. Nxd5 exd5 11. Rc1 Bb6 12. Nd4 Bxd4 13. Qxd4 Nc6 14. Qc5 Be6
15. Be2 Rc8 16. O-O Re8 17. Rfd1 Ne5 18. Qb4 Ng6 19. Bg3 Qd7 20. Bf3 Rxc1 21.
Rxc1 Rc8 22. Rxc8+ Qxc8 23. h4 h6 24. h5 Nf8 25. Be5 Nd7 26. Bd4 Nf6 27. Bc3
Ne4 28. Bxe4 dxe4 29. Qxe4 Qd7 30. f3 Qd5 31. Qf4 Qd1+ 32. Kf2 Qd7 33. Qg3 f5
34. Qe5 Kf8 35. Kg3 Kg8 36. Bd4 Kf8 37. Kf4 Kg8 38. Qb8+ Kh7 39. Qf8 Qc7+ 40.
Be5 Qd7 41. b4 b5 42. Qd6 Qf7 43. Bd4 Bc4 44. Qe5 44... Be6 {=} 45. Bb2 Qe7 46.
g4 fxg4 47. fxg4 Qf7+ 48. Kg3 Qd7 49. g5 hxg5 50. Qxg5 Qf7 51. e4 Bd7 52. Bc3
Bc8 53. Qe5 Qd7 54. Kf2 Qg4 1/2-1/2

[Event "Hamburg ch"]
[Site "?"]
[Date "1997.??.??"]
[Round "1"]
[White "Lindinger, M."]
[Black "von Buelow, G."]
[Result "1-0"]
[WhiteElo "2145"]
[BlackElo "2290"]
[PlyCount "93"]
[EventDate "1997.??.??"]

1. d4 g6 2. e4 Bg7 3. Nc3 d6 4. g3 Nf6 5. Bg2 O-O 6. Nge2 e5 7. h3 c6 8. a4 a5
9. O-O Na6 10. Be3 Qc7 11. Qd2 Re8 12. Rad1 Nb4 13. g4 d5 14. Ng3 Nxe4 15.
Ngxe4 dxe4 16. dxe5 Bxe5 17. Nxe4 f5 18. f4 Bg7 19. Nd6 Rd8 20. Nb5 Qd7 21. Nc7
Rb8 22. Qxd7 Bxd7 23. c3 fxg4 24. cxb4 gxh3 25. Bf3 axb4 26. Rd2 Bf5 27. Rfd1
Rxd2 28. Rxd2 Rc8 29. Bb6 Bf6 30. Be2 Kg7 31. Bc4 Kh6 32. Be6 Bxe6 33. Nxe6 Re8
34. Nc5 Kh5 35. Nxb7 Kg4 36. a5 Kxf4 37. a6 Bh4 38. a7 Re1+ 39. Kh2 Bg3+ 40.
Kxh3 Rh1+ 41. Kg2 Rh2+ 42. Kg1 Rxd2 43. a8=Q Rd1+ 44. Kg2 Rd2+ 45. Kf1 Kf3 46.
Qa4 Rxb2 47. Qxc6+ 1-0

[Event "Hamburg ch"]
[Site "?"]
[Date "1997.??.??"]
[Round "1"]
[White "Buhr, CC."]
[Black "Rakow, T."]
[Result "1-0"]
[WhiteElo "2290"]
[BlackElo "1865"]
[PlyCount "67"]
[EventDate "1997.??.??"]

1. d4 Nf6 2. Nf3 g6 3. Nc3 Bg7 4. e4 d6 5. h3 O-O 6. Be3 Nbd7 7. a4 a5 8. e5
Ne8 9. Bc4 Nb6 10. Bb3 d5 11. Qe2 c6 12. g4 f5 13. gxf5 Bxf5 14. Nh4 e6 15.
Nxf5 Rxf5 16. h4 Nc7 17. O-O-O Qe7 18. h5 Rxh5 19. Rxh5 gxh5 20. Qxh5 Qf7 21.
Qh4 Nd7 22. Rh1 Nf8 23. Ne2 b5 24. c3 bxa4 25. Bxa4 c5 26. f4 c4 27. Bc2 Rb8
28. Ng3 Ne8 29. f5 exf5 30. Nxf5 Qb7 31. Ne7+ Kf7 32. Rf1+ Bf6 33. exf6 Qxb2+
34. Kd2 1-0

[Event "Hamburg ch"]
[Site "?"]
[Date "1997.??.??"]
[Round "2"]
[White "Wendt, JD."]
[Black "Movsziszian, K."]
[Result "0-1"]
[WhiteElo "2285"]
[BlackElo "2490"]
[PlyCount "88"]
[EventDate "1997.??.??"]

1. Nf3 Nf6 2. c4 g6 3. d4 Bg7 4. g3 O-O 5. Bg2 d6 6. Nc3 Nc6 7. d5 Na5 8. Nd2
c5 9. O-O a6 10. Qc2 Rb8 11. b3 e5 12. Rb1 Nh5 13. a3 b6 14. b4 Nb7 15. Bb2 f5
16. Rbe1 g5 17. e3 Bd7 18. b5 Ra8 19. f3 Na5 20. a4 Rf7 21. Bh3 Qe7 22. bxa6
Rxa6 23. Nb5 Nb7 24. Nb1 Ra8 25. N1c3 Raf8 26. Qe2 Nf6 27. Qc2 Ne8 28. e4 g4
29. fxg4 f4 30. gxf4 exf4 31. Rf3 Na5 32. Qd3 Qh4 33. Ref1 Be5 34. Kh1 Rg7 35.
Bc1 Bxg4 36. Bxg4 Qxg4 37. Qe2 Nb3 38. h3 Qh5 39. Rg1 Rxg1+ 40. Kxg1 Qg6+ 41.
Kh1 Rf7 42. Bb2 Rg7 43. Rf1 Nf6 44. Qf2 Nxe4 0-1

[Event "Hamburg ch"]
[Site "?"]
[Date "1997.??.??"]
[Round "2"]
[White "Fries_Nielsen, J."]
[Black "Lamprecht, F."]
[Result "1/2-1/2"]
[WhiteElo "2415"]
[BlackElo "2400"]
[PlyCount "52"]
[EventDate "1997.??.??"]

1. d4 d5 2. Bg5 c6 3. e3 Qb6 4. Qc1 Bf5 5. Bd3 Bxd3 6. cxd3 Nd7 7. Nc3 e5 8.
Nf3 f6 9. Bh4 Bd6 10. O-O Ne7 11. dxe5 Nxe5 12. Nxe5 Bxe5 13. d4 Bd6 14. Qc2
O-O 15. Na4 Qc7 16. Bg3 b6 17. Rac1 f5 18. Bxd6 Qxd6 19. f4 Rf6 20. Nc3 Re6 21.
Rfe1 g6 22. Nd1 Re8 23. Nf2 Nc8 24. Qd2 Qe7 25. Rc3 a5 26. b3 Na7 1/2-1/2

[Event "Hamburg ch"]
[Site "?"]
[Date "1997.??.??"]
[Round "2"]
[White "Buhr, CC."]
[Black "Ritscher, JP."]
[Result "1-0"]
[WhiteElo "2290"]
[BlackElo "2320"]
[PlyCount "69"]
[EventDate "1997.??.??"]

1. e4 Nf6 2. e5 Nd5 3. d4 d6 4. Nf3 Nc6 5. c4 Nb6 6. e6 fxe6 7. Nc3 Nd7 8. d5
exd5 9. cxd5 Nce5 10. Nd4 Nf6 11. Qb3 c5 12. Bb5+ Kf7 13. Ne6 Bxe6 14. dxe6+
Kg8 15. Bg5 d5 16. Bxf6 c4 17. Qd1 Nd3+ 18. Kf1 exf6 19. Qh5 Ne5 20. Rd1 g6 21.
Qh4 Kg7 22. Rxd5 Qb6 23. f4 g5 24. Qg3 Ng6 25. Rd7+ Kg8 26. Bxc4 Qc5 27. Qd3
Be7 28. Ne4 Qf5 29. g3 Rc8 30. Nd6 Qh3+ 31. Kf2 Rc5 32. b4 Rc6 33. Nf5 gxf4 34.
Rd8+ Bxd8 35. e7+ 1-0

[Event "Hamburg ch"]
[Site "?"]
[Date "1997.??.??"]
[Round "2"]
[White "Dankert, P."]
[Black "Lindinger, M."]
[Result "0-1"]
[WhiteElo "2305"]
[BlackElo "2145"]
[PlyCount "140"]
[EventDate "1997.??.??"]

1. d4 d5 2. Bg5 c6 3. Nf3 Qb6 4. Qc1 Bg4 5. Nbd2 Nd7 6. e3 Ngf6 7. Bd3 e6 8. h3
Bxf3 9. Nxf3 Ne4 10. Bxe4 dxe4 11. Nd2 Qa5 12. Bh4 g5 13. Bg3 f5 14. O-O h5 15.
Nc4 Qd8 16. Be5 Rg8 17. g4 hxg4 18. hxg4 Nxe5 19. Nxe5 Qf6 20. f3 exf3 21. Rxf3
Rh8 22. Qf1 Bd6 23. Nc4 Bh2+ 24. Kf2 Bf4 25. Rh3 O-O-O 26. Ke2 fxg4 27. Rxh8
Rxh8 28. Kd3 Qg6+ 29. Kc3 Rh3 30. Qd3 Qxd3+ 31. Kxd3 b5 32. Ke4 Rf3 33. Rh1
bxc4 34. exf4 Rxf4+ 35. Ke5 Rf2 36. Rg1 Rxc2 37. Rxg4 Rxb2 38. Kxe6 c3 39. Rxg5
c2 40. Rc5 Kb7 41. a4 Rb4 42. Ke5 Rxa4 43. Rxc2 Ra5+ 44. Ke4 Rb5 45. Kd3 a5 46.
Rh2 Kb6 47. Rh8 a4 48. Kc4 a3 49. Ra8 Ra5 50. Rb8+ Kc7 51. Rb1 a2 52. Ra1 Kd6
53. Kb4 Ra8 54. Kc4 Ra7 55. Kb3 Kd5 56. Kb2 Rb7+ 57. Kc3 Ra7 58. Kb2 Ra6 59.
Kc3 Ra8 60. Kb2 Kxd4 61. Rd1+ Kc4 62. Ka1 c5 63. Rh1 Kb4 64. Rh4+ c4 65. Rg4
Ra3 66. Rh4 Rg3 67. Kxa2 Rg2+ 68. Kb1 Kb3 69. Rh1 c3 70. Rf1 Rb2+ 0-1

[Event "Hamburg ch"]
[Site "?"]
[Date "1997.??.??"]
[Round "2"]
[White "Rogozenko, D."]
[Black "Trisic, A."]
[Result "1-0"]
[WhiteElo "2530"]
[BlackElo "2245"]
[PlyCount "93"]
[EventDate "1997.??.??"]

1. d4 Nf6 2. c4 g6 3. g3 Bg7 4. Bg2 O-O 5. Nc3 d6 6. Nf3 Nbd7 7. O-O e5 8. e4
exd4 9. Nxd4 Re8 10. h3 Nc5 11. Re1 a5 12. Qc2 a4 13. Be3 c6 14. Rad1 Qa5 15.
Bf4 Ne6 16. Bxd6 Nxd4 17. Rxd4 Nd7 18. Rdd1 Ne5 19. Ne2 Be6 20. b3 axb3 21.
axb3 Red8 22. Rf1 Qa2 23. Qxa2 Rxa2 24. Nf4 Raa8 25. Nxe6 fxe6 26. f4 Nf7 27.
Bc5 e5 28. h4 exf4 29. gxf4 Rxd1 30. Rxd1 Ra1 31. Rxa1 Bxa1 32. Bh3 Bf6 33. h5
Bd8 34. hxg6 hxg6 35. e5 Bc7 36. Kg2 b6 37. Bd4 Nh6 38. Bd7 Nf5 39. Bf2 c5 40.
Kf3 Kf7 41. Ke4 Ne7 42. Bh4 Bd8 43. Bg5 Bc7 44. f5 gxf5+ 45. Bxf5 Nxf5 46. Kxf5
Ke8 47. e6 1-0

[Event "Hamburg ch"]
[Site "?"]
[Date "1997.??.??"]
[Round "2"]
[White "Berg, K."]
[Black "Meyer, F."]
[Result "1/2-1/2"]
[WhiteElo "2410"]
[BlackElo "2290"]
[PlyCount "45"]
[EventDate "1997.??.??"]

1. Nf3 d6 2. d4 Bg4 3. e4 e6 4. c4 Nc6 5. d5 exd5 6. cxd5 Nb8 7. h3 Bxf3 8.
Qxf3 Nd7 9. Nc3 g6 10. h4 Qf6 11. h5 a6 12. Be3 O-O-O 13. Qxf6 Ngxf6 14. hxg6
fxg6 15. O-O-O Re8 16. f3 h5 17. g4 Bg7 18. gxh5 Nxh5 19. Bh3 Ref8 20. Bg4 Kd8
21. Rdg1 Nf4 22. Rxh8 Bxh8 23. Bxd7 1/2-1/2

[Event "Hamburg ch"]
[Site "?"]
[Date "1997.??.??"]
[Round "2"]
[White "Gustafsson, J."]
[Black "Neffe, A."]
[Result "1/2-1/2"]
[WhiteElo "2355"]
[BlackElo "2230"]
[PlyCount "131"]
[EventDate "1997.??.??"]

1. d4 Nf6 2. c4 e6 3. Nc3 Bb4 4. e3 O-O 5. Bd3 d5 6. Nge2 dxc4 7. Bxc4 Nc6 8.
f4 b6 9. a3 Be7 10. e4 Bb7 11. e5 Ng4 12. O-O Nxd4 13. Nxd4 Bc5 14. Nce2 Qh4
15. h3 Rad8 16. b4 Bxd4+ 17. Nxd4 Nxe5 18. Bb5 a6 19. Qe2 Rxd4 20. Qxe5 Qg3 21.
Ra2 Rd5 22. Qxc7 Ba8 23. Bxa6 Rh5 24. Qe7 Rxh3 25. Qg5 Qh2+ 26. Kf2 Rf3+ 27.
Ke1 Rg3 28. Qe5 Qh4 29. Rff2 Rxg2 30. Bf1 Rg1 31. Kd1 Rd8+ 32. Rad2 Rxd2+ 33.
Bxd2 h6 34. Be1 Bd5 35. Rg2 Bf3+ 36. Kc1 Qxe1+ 37. Qxe1 Bxg2 38. Kb2 Rxf1 39.
Qe2 Bh3 40. Qe3 Bf5 41. Qxb6 Kh7 42. Qb7 Rf2+ 43. Kc3 Rxf4 44. Qxf7 Rf3+ 45.
Kb2 Rf2+ 46. Kc1 Ra2 47. Qa7 h5 48. Qe7 Rxa3 49. Kb2 Rd3 50. b5 Rd5 51. Qe8 Bg6
52. Qc6 Be4 53. Qe8 Bg6 54. Qb8 Be4 55. b6 Rb5+ 56. Kc3 Bd5 57. Qd8 Rb3+ 58.
Kd4 Kg6 59. Kc5 h4 60. Qxh4 Rc3+ 61. Kd6 Rc6+ 62. Ke7 Rxb6 63. Qg3+ Kh7 64. Kf8
Rb7 65. Qg5 Rb8+ 66. Kf7 1/2-1/2

[Event "Hamburg ch"]
[Site "?"]
[Date "1997.??.??"]
[Round "2"]
[White "Hegeler, F."]
[Black "Bathke, J."]
[Result "1-0"]
[WhiteElo "2310"]
[BlackElo "2235"]
[PlyCount "71"]
[EventDate "1997.??.??"]

1. d4 Nf6 2. c4 e5 3. dxe5 Ng4 4. Bf4 Bb4+ 5. Nd2 d6 6. a3 dxe5 7. Bg3 Bxd2+ 8.
Qxd2 Qxd2+ 9. Kxd2 Nc6 10. f3 Nf6 11. e4 Be6 12. Bd3 Nd7 13. Bf2 O-O 14. Ne2
Rfd8 15. Kc3 a5 16. b3 b6 17. Bc2 Ne7 18. Rhd1 c5 19. Rd6 Nc8 20. Rd2 f6 21.
Kb2 Ne7 22. Rad1 Kf7 23. Rd6 Nc8 24. R6d2 Na7 25. Rd6 Nc8 26. Rc6 Ne7 27. Rc7
Nf8 28. Nc3 Rxd1 29. Bxd1 Ke8 30. Nd5 Nxd5 31. cxd5 Bd7 32. Rb7 b5 33. Bxc5 Ng6
34. g3 Rc8 35. b4 axb4 36. axb4 1-0

[Event "Hamburg ch"]
[Site "?"]
[Date "1997.??.??"]
[Round "2"]
[White "Murdzia, P."]
[Black "Breyther, R."]
[Result "1-0"]
[WhiteElo "2425"]
[BlackElo "2415"]
[PlyCount "39"]
[EventDate "1997.??.??"]

1. d4 Nf6 2. c4 e6 3. Nf3 b6 4. a3 Ba6 5. Qc2 Bb7 6. Nc3 c5 7. e4 cxd4 8. Nxd4
Bc5 9. Nb3 Nc6 10. Bg5 h6 11. Bh4 Nd4 12. Nxd4 Bxd4 13. O-O-O Bxc3 14. Qxc3
Bxe4 15. Rd4 d5 16. f3 Bg6 17. cxd5 O-O 18. dxe6 Qe7 19. exf7+ Bxf7 20. Ba6 1-0

[Event "Hamburg ch"]
[Site "?"]
[Date "1997.??.??"]
[Round "2"]
[White "Buelow, G."]
[Black "Kues, H."]
[Result "1-0"]
[WhiteElo "2290"]
[BlackElo "2205"]
[PlyCount "95"]
[EventDate "1997.??.??"]

1. e4 d5 2. exd5 Qxd5 3. Nc3 Qa5 4. d4 c6 5. Nf3 Nf6 6. Bc4 Bf5 7. Bd2 e6 8.
Qe2 Bb4 9. Ne5 Nbd7 10. Nxd7 Kxd7 11. a3 Bxc3 12. Bxc3 Qc7 13. O-O-O Rad8 14.
f3 h5 15. Be1 h4 16. g3 Kc8 17. gxh4 Nh5 18. Qe3 Qf4 19. Bf2 Rd7 20. Bb3 Rhd8
21. c3 Bg6 22. Rd2 Qxe3 23. Bxe3 Bf5 24. Rg1 g6 25. a4 Rh8 26. Bg5 Rh7 27. Re2
Bd3 28. Rd2 Bf5 29. Bc4 Ng7 30. Re1 Bh3 31. Bd3 Bf5 32. Be4 Bh3 33. Rg1 Nf5 34.
Bxf5 Bxf5 35. Bf6 b6 36. b3 Rh5 37. Rg3 Kb7 38. Kd1 a6 39. Ke2 e5 40. dxe5
Rxd2+ 41. Kxd2 Be6 42. b4 Bb3 43. a5 Rf5 44. Ke3 b5 45. f4 c5 46. Rg2 Kc6 47.
Rd2 Bd5 48. Bg5 1-0

[Event "Hamburg ch"]
[Site "?"]
[Date "1997.??.??"]
[Round "2"]
[White "Gara, A."]
[Black "Maahs, E."]
[Result "0-1"]
[WhiteElo "2285"]
[BlackElo "2235"]
[PlyCount "118"]
[EventDate "1997.??.??"]

1. e4 d5 2. exd5 Nf6 3. d4 Nxd5 4. c4 Nb6 5. Nf3 Bg4 6. c5 N6d7 7. h3 Bh5 8.
Qb3 b6 9. Qd5 Bxf3 10. Qxf3 c6 11. Bg5 Nf6 12. Bb5 Qd5 13. Qxd5 Nxd5 14. Bc4
bxc5 15. Bxd5 cxd5 16. dxc5 e6 17. Be3 Na6 18. Ke2 e5 19. c6 d4 20. Bd2 Rc8 21.
Rc1 Nb8 22. c7 Na6 23. f4 e4 24. Ba5 f5 25. Na3 d3+ 26. Kd2 Bd6 27. Ke3 Bb4 28.
Bxb4 Nxb4 29. Rc5 O-O 30. Rac1 Rf7 31. g4 g6 32. gxf5 gxf5 33. Rb5 Na6 34. Rd5
Rcxc7 35. Nc4 Nb4 36. Rd8+ Kg7 37. Rg1+ Kf6 38. Nd6 Nd5+ 39. Kd4 Nxf4 40. Ke3
Ne6 41. Nxf7 Rxf7 42. Rd5 Nc7 43. Rc5 Ke6 44. Rf1 Nd5+ 45. Kd4 Ne7 46. b4 Rf8
47. b5 Rd8+ 48. Ke3 Nd5+ 49. Kd4 d2 50. Rd1 Nf4+ 51. Ke3 Ng2+ 52. Ke2 e3 53.
Kf3 f4 54. Rc6+ Ke5 55. Rc4 Nh4+ 56. Ke2 Nf5 57. Rg1 Ng3+ 58. Kf3 d1=Q+ 59.
Rxd1 Rxd1 0-1

[Event "Hamburg ch"]
[Site "?"]
[Date "1997.??.??"]
[Round "2"]
[White "Voigt, M."]
[Black "Schueler, W."]
[Result "1-0"]
[WhiteElo "2235"]
[BlackElo "2190"]
[PlyCount "45"]
[EventDate "1997.??.??"]

1. e4 e6 2. d4 d5 3. Nc3 dxe4 4. Nxe4 Nd7 5. Nf3 Ngf6 6. Bd3 Be7 7. Qe2 O-O 8.
Bg5 g6 9. Bh6 Re8 10. Neg5 Bf8 11. Bxf8 Rxf8 12. O-O-O c5 13. dxc5 Qa5 14. Kb1
Nxc5 15. Ne5 Nxd3 16. Rxd3 Nd5 17. Qe4 Qb4 18. c4 Nf6 19. Qh4 Qc5 20. f4 h5 21.
Ngxf7 Rxf7 22. Rd8+ Kg7 23. Qg5 1-0